LEADER 01408nam a2200289 u 4500 001 000000115386 003 CaOOAMICUS 005 20090422182951.0 008 090422s2009 it u000 u ita r 020 $z978-88-217-2964-5* 040 $aPUL$bita$dLDB 100 1 $aVasapolli, Guido.$0(OLS)http://pul/name/68696 245 10$aDal bilancio d'esercizio al reddito d'impresa /$cGuido Vasapolli, Andrea Vasapolli. 250 $a16. ed. 260 $aMilano :$bIpsoa,$c2009. 300 $alxi, 2218 p. ;$c24 cm +$eCD-Rom 490 1 $aContabilità e bilancio 500 $aSul front. : Aggiornato con: Finanziaria 2009, D.L. anticrisi, nuova normativa IRAP, interessi passivi, spese di rappresentanza, dividendi, rivalutazione immobili, società di comodo, bilanci in formato XBRL, bilanci abbreviati. 650 4$aBilancio.$0(OLS)http://pul/subject/24358 700 1 $aVasapolli, Andrea.$0(OLS)http://pul/name/68695 830 0$aContabilità e bilancio.$0(OLS)http://pul/title/140524 850 $aPUL 852 $aPUL$W1$xSL Cons. Gen., Altre Classi 3$y75$m657. 45 VASGU 1$j132137$qDDC 21$B131136$CPULBib$Z2$F131136 $H110119 $82 941 1 $a9 996 $6020$z978-88-217-2964-5*$9(OLS)http://pul/number/140445 996 $6245$aDal bilancio d'esercizio al reddito d'impresa$9(OLS)http://pul/title/140523 996 $6260$aMilano :$bIpsoa$9(OLS)http://pul/publisher/67046 LEADER 00947nam a2200253 u 4500 001 000000051610 003 CaOOAMICUS 005 20070226115345.0 008 000920s1936 it u000 u ita u 035 $a10856061 040 $aPUL(R)$bita 100 1 $aRiccio, Stefano.$0(OLS)http://pul/name/28301 245 12$aI delitti aggravati dall'evento /$cStefano Riccio. 260 $aNapoli :$bE. Jovene,$c1936. 300 $axiii, 270 p. ;$c26 cm 500 $aContiene indici. 504 $aBibliografia in nota. 650 4$aDiritto penale$zItalia$xStudi.$0(OLS)http://pul/subject/17853 850 $aPUL 852 $aPUL$W1$xDP1 Fondo Ciprotti$y59$m1539 F 10$j68357$nBK-PRI$b $qFondi$B68357$CPULBib$Z2$F68357 $H $81 941 1 $a1 961 $aINV: F. Ciprotti 996 $6245$aI delitti aggravati dall'evento$9(OLS)http://pul/title/69335 996 $6260$aNapoli :$bE. Jovene$9(OLS)http://pul/publisher/48372